Coupes du Monde de Football: Ukraine - Statistiques

Statistiques générales
  • Ce quiz a été pris 36 fois
  • Le résultat moyen est 4 sur 5
Statistiques - réponses
Réponse % Correct
Espagne
91%
Italie
91%
Suisse
69%
Tunisie
56%
Arabie Saoudite
44%
Aucun quiz correspondant
Distribution des résultats
% des personnes avec chaque résultat
Percentile par nombre de réponses
Votre historique - résultats
Vous n’avez pas pris ce quiz